[Event "76. LJUBLJANSKA SAHOVSKA LIGA 2024"]
[Site "gostovanja"]
[Date "2024.02.15"]
[Round "3.1"]
[White "Keber, Aljosa"]
[Black "Jelen, Igor"]
[Result "1/2-1/2"]
[WhiteElo "2061"]
[BlackElo "2304"]
[PlyCount "52"]
[EventDate "2024.01.18"]
[WhiteTeam "SK KOMENDA POPOTNIK"]
[BlackTeam "SK IG"]

1. e4 c5 2. Nf3 Nc6 3. d4 cxd4 4. Nxd4 Nf6 5. Nc3 e5 6. Ndb5 d6 7. Bg5 a6 8.
Na3 b5 9. Nd5 Be7 10. Bxf6 Bxf6 11. c4 b4 12. Nc2 a5 13. g3 Bg5 14. Bg2 Ne7 15.
Nde3 O-O 16. O-O Qb6 17. b3 a4 18. Qe2 Bb7 19. Rad1 axb3 20. axb3 Ra2 21. h4
Bxe3 22. Qxe3 Qa5 23. Ra1 Nc6 24. Qd3 h6 25. Bh3 Rd8 26. h5 Rxa1 1/2-1/2

[Event "76. LJUBLJANSKA SAHOVSKA LIGA 2024"]
[Site "gostovanja"]
[Date "2024.02.15"]
[Round "3.1"]
[White "Hiti, Domen"]
[Black "Cimperman, Teo"]
[Result "1-0"]
[WhiteElo "2241"]
[BlackElo "1754"]
[PlyCount "65"]
[EventDate "2024.01.18"]
[WhiteTeam "SK IG"]
[BlackTeam "SK KOMENDA POPOTNIK"]

1. d4 Nf6 2. c4 c6 3. Nf3 d5 4. Qc2 g6 5. Bf4 Bf5 6. Qb3 Qc8 7. e3 Nbd7 8. Nc3
e6 9. Rc1 Nh5 10. Bg5 h6 11. Bh4 g5 12. Bg3 Nxg3 13. hxg3 Bg7 14. Qa3 Qc7 15.
Qb4 Rb8 16. Be2 Bf8 17. Qa4 Qb6 18. cxd5 Qxb2 19. O-O exd5 20. Qxa7 Bb4 21. g4
Bh7 22. Nxd5 cxd5 23. Bb5 Bd6 24. Qa4 Rd8 25. Bxd7+ Rxd7 26. Rc8+ Ke7 27. Rxh8
Bd3 28. Qa8 Qb5 29. Qe8+ Kf6 30. Rxh6+ Bg6 31. Ne5 Qxf1+ 32. Kxf1 Rc7 33. Nd7+
1-0

[Event "76. LJUBLJANSKA SAHOVSKA LIGA 2024"]
[Site "gostovanja"]
[Date "2024.02.15"]
[Round "3.2"]
[White "Coklin, Marko"]
[Black "Persl, Bojan"]
[Result "1/2-1/2"]
[WhiteElo "2093"]
[BlackElo "2030"]
[PlyCount "100"]
[EventDate "2024.01.18"]
[WhiteTeam "SK TRZIN BUSCOTRADE"]
[BlackTeam "SK LJUBLJANA TAJFUN"]

1. c4 Nf6 2. g3 e6 3. Bg2 d5 4. Nf3 Be7 5. O-O O-O 6. d4 dxc4 7. Ne5 Nc6 8.
Nxc6 bxc6 9. e3 Ba6 10. Bxc6 Rb8 11. Qa4 Rb6 12. Rd1 Nd5 13. e4 Nb4 14. d5 Bc5
15. Nc3 Qf6 16. Rf1 Nd3 17. Qc2 Nb4 18. Qa4 Rfb8 19. Rb1 Nd3 20. Qc2 Bd4 21.
Na4 Rb4 22. Bd2 h5 23. Bxb4 Rxb4 24. Nc3 h4 25. Kg2 e5 26. Nd1 Bc8 27. Qe2 Qh6
28. Qf3 Qd2 29. Ne3 h3+ 30. Kh1 Rxb2 31. Rxb2 Qxb2 32. Nxc4 Nxf2+ 33. Rxf2 Qxf2
34. Qxf2 Bxf2 35. Nxe5 Bd4 36. Bd7 Bxd7 37. Nxd7 f6 38. Nb8 a5 39. Nc6 Bb6 40.
e5 Kf7 41. e6+ Ke8 42. a4 g5 43. g4 Kf8 44. Nb8 Ke7 45. Nc6+ Kd6 46. Nd8 Bd4
47. Nf7+ Ke7 48. Nh6 Bc5 49. Nf5+ Kf8 50. Ng3 Ke7 1/2-1/2

[Event "76. LJUBLJANSKA SAHOVSKA LIGA 2024"]
[Site "gostovanja"]
[Date "2024.02.15"]
[Round "3.2"]
[White "Borstar, Dusan"]
[Black "Raspor, Gregor"]
[Result "0-1"]
[WhiteElo "1691"]
[BlackElo "1962"]
[PlyCount "58"]
[EventDate "2024.01.18"]
[WhiteTeam "SK LJUBLJANA TAJFUN"]
[BlackTeam "SK TRZIN BUSCOTRADE"]

1. e4 c6 2. d4 d5 3. exd5 cxd5 4. c4 Nf6 5. Nc3 Nc6 6. c5 e5 7. Bb5 exd4 8.
Qxd4 Be7 9. Nf3 O-O 10. Bxc6 bxc6 11. O-O Nd7 12. Qa4 Nxc5 13. Qc2 d4 14. Na4
Ba6 15. Nxc5 Bxf1 16. Kxf1 Qd5 17. b4 a5 18. Bd2 axb4 19. Bxb4 Rfb8 20. Na6
Qb5+ 21. Qe2 Qxe2+ 22. Kxe2 Rxa6 23. Bxe7 Re8 24. Nxd4 Rxe7+ 25. Kd3 Rea7 26.
Rc1 Ra3+ 27. Ke4 Rc7 28. Kf5 Ra5+ 29. Kf4 Ra4 0-1

[Event "76. LJUBLJANSKA SAHOVSKA LIGA 2024"]
[Site "gostovanja"]
[Date "2024.02.15"]
[Round "3.2"]
[White "Krumpak, Hinko"]
[Black "Belyaletdinov, Leonard"]
[Result "1-0"]
[WhiteElo "2017"]
[BlackElo "1581"]
[PlyCount "79"]
[EventDate "2024.01.18"]
[WhiteTeam "SK TRZIN BUSCOTRADE"]
[BlackTeam "SK LJUBLJANA TAJFUN"]

1. Nf3 Nf6 2. g3 g6 3. b3 Bg7 4. Bb2 d6 5. d4 O-O 6. Bg2 Nbd7 7. O-O c6 8. c4
Qc7 9. Nc3 e5 10. e4 exd4 11. Nxd4 Nc5 12. h3 Re8 13. Re1 Ne6 14. Nde2 Ng5 15.
Nf4 h5 16. Qd2 Ne6 17. Rad1 Nxf4 18. Qxf4 Be6 19. Qxd6 Qc8 20. Kh2 h4 21. e5
Nh5 22. Ne4 Bf5 23. Nf6+ Nxf6 24. exf6 Bf8 25. Qf4 hxg3+ 26. fxg3 Bc2 27. Rxe8
Qxe8 28. Rd2 Bf5 29. Be5 Rd8 30. Bd6 Qd7 31. c5 b6 32. b4 bxc5 33. bxc5 Kh7 34.
Qh4+ Kg8 35. Qa4 Rc8 36. Rd4 Qe6 37. Bxf8 Kxf8 38. Rd6 Qe5 39. Qh4 Kg8 40. Qh6
1-0

[Event "76. LJUBLJANSKA SAHOVSKA LIGA 2024"]
[Site "gostovanja"]
[Date "2024.02.15"]
[Round "3.2"]
[White "Kovacic, Jakob"]
[Black "Borisek, Anze"]
[Result "0-1"]
[WhiteElo "1205"]
[BlackElo "1890"]
[PlyCount "104"]
[EventDate "2024.01.18"]
[WhiteTeam "SK LJUBLJANA TAJFUN"]
[BlackTeam "SK TRZIN BUSCOTRADE"]

1. e4 Nf6 2. e5 Nd5 3. Nc3 Nxc3 4. dxc3 Nc6 5. Nf3 d6 6. Bf4 Bg4 7. Bb5 e6 8.
h3 Bh5 9. Qe2 a6 10. Bxc6+ bxc6 11. Rd1 d5 12. c4 Be7 13. cxd5 cxd5 14. Rd3 c5
15. a3 c4 16. Rc3 Bc5 17. Qd2 Bxf3 18. Rxf3 Rb8 19. b4 cxb3 20. cxb3 Bxa3 21.
O-O Bb4 22. Qd3 a5 23. Rg3 g6 24. Bg5 Be7 25. Be3 O-O 26. Ra1 f5 27. exf6 Bxf6
28. Ra4 e5 29. Bc5 Rf7 30. Qa6 d4 31. Qc4 Kg7 32. Qc2 Rd7 33. Rd3 Rd5 34. b4
axb4 35. Bxb4 Qd7 36. Rda3 Rxb4 37. Rxb4 Be7 38. Rab3 Bxb4 39. Rxb4 d3 40. Qd2
Rd4 41. Rb1 Qc7 42. Rc1 Rc4 43. Rd1 e4 44. Qe3 Qc5 45. Qe1 Qd4 46. Qe3 Qxe3 47.
fxe3 Rc2 48. Kh2 Re2 49. Kg3 Rxe3+ 50. Kf4 Re2 51. g4 Kf6 52. Ra1 d2 0-1

[Event "76. LJUBLJANSKA SAHOVSKA LIGA 2024"]
[Site "gostovanja"]
[Date "2024.02.15"]
[Round "3.3"]
[White "Marn, Jan"]
[Black "Skok, Joze"]
[Result "1-0"]
[WhiteElo "2322"]
[BlackElo "1927"]
[PlyCount "49"]
[EventDate "2024.01.18"]
[WhiteTeam "SD MENGES - TRZIN"]
[BlackTeam "SD DOMZALE"]

1. d4 Nf6 2. c4 g6 3. h4 h6 4. Nc3 d5 5. cxd5 Nxd5 6. e4 Nxc3 7. bxc3 Bg7 8.
Bc4 O-O 9. h5 g5 10. Bxg5 Bxd4 11. cxd4 hxg5 12. Qd2 e6 13. Nf3 f6 14. Rd1 Qe7
15. e5 g4 16. Nh4 Rd8 17. Qc2 fxe5 18. Qg6+ Kf8 19. Qh6+ Kg8 20. Kf1 Rxd4 21.
Rxd4 exd4 22. Nf5 Qf7 23. Qg5+ Kh7 24. h6 b5 25. Qg7+ 1-0

[Event "76. LJUBLJANSKA SAHOVSKA LIGA 2024"]
[Site "gostovanja"]
[Date "2024.02.15"]
[Round "3.3"]
[White "Markosek, Bine"]
[Black "Veskovic, Dzemal"]
[Result "0-1"]
[WhiteElo "1881"]
[BlackElo "1811"]
[PlyCount "141"]
[EventDate "2024.01.18"]
[WhiteTeam "SD DOMZALE"]
[BlackTeam "SD MENGES - TRZIN"]

1. e4 e6 2. d4 d6 3. Nf3 Be7 4. Bc4 a6 5. a4 Nd7 6. O-O e5 7. Nc3 c6 8. Re1
Ngf6 9. Bg5 O-O 10. a5 h6 11. Bxf6 Bxf6 12. Ne2 b5 13. Bb3 exd4 14. Nexd4 c5
15. Bd5 cxd4 16. Bxa8 Ne5 17. Nxe5 dxe5 18. Bd5 Be6 19. Bxe6 fxe6 20. Qg4 Qc8
21. Re2 Bg5 22. g3 Qe8 23. Rf1 b4 24. f4 exf4 25. gxf4 Bd8 26. f5 e5 27. Rg2
Bf6 28. Qe2 Qc6 29. Rg6 Rc8 30. Rf2 Qc4 31. Qg4 Kf8 32. Rg2 Qf7 33. Qe2 Rc6 34.
Qd2 Qc4 35. R2g3 Qc5 36. Kh1 Qxa5 37. Rb3 Rb6 38. Rh3 Qa1+ 39. Kg2 Qxb2 40. Rb3
Qa2 41. Rxb4 Rc6 42. Rxf6+ Rxf6 43. Rb8+ Kf7 44. Rc8 Qa4 45. Qe2 Qb5 46. Qxb5
axb5 47. Rc5 b4 48. Kf2 Rb6 49. Rxe5 Rc6 50. Ke2 Rxc2+ 51. Kd3 Rxh2 52. Kxd4 b3
53. Rb5 b2 54. Ke5 Re2 55. Rb7+ Kg8 56. Kf4 Rf2+ 57. Ke3 Rc2 58. e5 Kf8 59. Kd3
Rf2 60. Ke4 h5 61. Kd5 Kg8 62. Ke6 h4 63. Rb8+ Kh7 64. f6 gxf6 65. exf6 h3 66.
Rb7+ Kh6 67. f7 Kg7 68. Rb3 Re2+ 69. Kf5 h2 70. f8=Q+ Kxf8 71. Kf6 0-1

[Event "76. LJUBLJANSKA SAHOVSKA LIGA 2024"]
[Site "gostovanja"]
[Date "2024.02.15"]
[Round "3.3"]
[White "Simicak, Metod"]
[Black "Timagina, Sofia"]
[Result "1-0"]
[WhiteElo "1746"]
[BlackElo "1660"]
[PlyCount "115"]
[EventDate "2024.01.18"]
[WhiteTeam "SD MENGES - TRZIN"]
[BlackTeam "SD DOMZALE"]

1. e4 e5 2. Nf3 Nc6 3. Bb5 a6 4. Bxc6 dxc6 5. h3 Bc5 6. O-O Qf6 7. d3 h6 8. Be3
Bd6 9. d4 Ne7 10. Nbd2 O-O 11. c4 Ng6 12. c5 Be7 13. Nc4 exd4 14. Qxd4 Qxd4 15.
Bxd4 Nf4 16. b4 Ne2+ 17. Kh2 Nxd4 18. Nxd4 Re8 19. f4 Bd8 20. Rae1 Be6 21. Nxe6
Rxe6 22. e5 Re8 23. a4 Be7 24. Rd1 Rad8 25. Na5 Rd5 26. Nxb7 Rb8 27. Na5 Rbd8
28. Rxd5 cxd5 29. Nc6 Rd7 30. Rd1 Kf8 31. a5 Ke8 32. Kg3 g6 33. Kf3 Bf8 34. Nb8
Rd8 35. Nxa6 c6 36. Rb1 d4 37. b5 cxb5 38. c6 Rc8 39. c7 b4 40. Ke4 Kd7 41.
Kxd4 Kc6 42. Nxb4+ Kxc7 43. Rc1+ Kb7 44. Rxc8 Kxc8 45. Kc4 Kb7 46. Kb5 Ka7 47.
Nd5 Ba3 48. Kc6 Ka6 49. Kd7 Kxa5 50. Ke8 Kb5 51. Kxf7 g5 52. e6 Kc4 53. fxg5
hxg5 54. e7 Bxe7 55. Nxe7 Kd4 56. Kf6 Ke3 57. Kxg5 Kf2 58. g4 1-0

[Event "76. LJUBLJANSKA SAHOVSKA LIGA 2024"]
[Site "gostovanja"]
[Date "2024.02.15"]
[Round "3.4"]
[White "Acimovic, Vasja"]
[Black "Justin, Matjaz"]
[Result "1/2-1/2"]
[WhiteElo "2280"]
[BlackElo "2209"]
[PlyCount "152"]
[EventDate "2024.01.18"]
[WhiteTeam "SD KOCEVJE"]
[BlackTeam "SD VRHNIKA"]

1. d4 Nf6 2. Bf4 c5 3. e3 e6 4. c3 Nc6 5. Nd2 d5 6. Ngf3 Qb6 7. Qb3 Qxb3 8.
axb3 Nh5 9. Bc7 Kd7 10. Bb6 cxd4 11. exd4 Rb8 12. Bxa7 Nxa7 13. Rxa7 f6 14. g3
g5 15. Be2 Ng7 16. c4 Nf5 17. Bd3 Ne7 18. h3 h5 19. Ke2 Bg7 20. c5 Kc7 21. Ra4
Bd7 22. Raa1 g4 23. Ne1 e5 24. hxg4 hxg4 25. Rxh8 Rxh8 26. dxe5 fxe5 27. Nb1 e4
28. Bc2 Bb5+ 29. Kd2 Rh2 30. Nc3 Bh6+ 31. Kd1 Bc6 32. Ke2 Nf5 33. Kf1 Ne3+ 34.
Kg1 Rh3 35. fxe3 Rxg3+ 36. Kf2 Rxe3 37. Rd1 g3+ 38. Kg2 d4 39. Rxd4 Rxe1 40.
Bxe4 Bg7 41. Rc4 Bxc3 42. Bxc6 Bxb2 43. Bf3 Rc1 44. Rb4 Rxc5 45. Rxb7+ Kd8 46.
Kxg3 Rc3 47. Rb5 Ba3 48. Kf4 Rc5 49. Rb6 Kc7 50. Rb7+ Kc8 51. Ra7 Bc1+ 52. Ke4
Kb8 53. Rh7 Rc7 54. Rh5 Ka7 55. Kd4 Bb2+ 56. Ke4 Rc3 57. Bd1 Kb6 58. Rh2 Bc1
59. Kd4 Rc7 60. Bf3 Kb5 61. Bd5 Kb4 62. Ra2 Rd7 63. Ra4+ Kb5 64. Ra8 Bb2+ 65.
Ke4 Re7+ 66. Kf4 Bc1+ 67. Kf5 Bb2 68. Be6 Rh7 69. Rb8+ Kc5 70. b4+ Kd6 71. Rb6+
Kc7 72. Ra6 Rh5+ 73. Kg6 Rb5 74. Ra4 Bc3 75. Bc4 Rxb4 76. Rxb4 Bxb4 1/2-1/2

[Event "76. LJUBLJANSKA SAHOVSKA LIGA 2024"]
[Site "gostovanja"]
[Date "2024.02.15"]
[Round "3.4"]
[White "Siraj, Svit"]
[Black "Bajo, Tin"]
[Result "1/2-1/2"]
[WhiteElo "2182"]
[BlackElo "1983"]
[PlyCount "118"]
[EventDate "2024.01.18"]
[WhiteTeam "SD VRHNIKA"]
[BlackTeam "SD KOCEVJE"]

1. e4 e5 2. Nf3 Nc6 3. Bb5 a6 4. Ba4 Nge7 5. d4 exd4 6. Nxd4 Nxd4 7. Qxd4 Nc6
8. Bxc6 dxc6 9. Qxd8+ Kxd8 10. Nc3 Be6 11. Bg5+ Kc8 12. O-O-O Bd6 13. Be3 b5
14. Rhe1 Kb7 15. f4 f6 16. a3 Rae8 17. h3 h5 18. f5 Bc4 19. g4 hxg4 20. hxg4
Rh3 21. Kb1 Rg3 22. g5 fxg5 23. Bd4 Bf8 24. b3 c5 25. bxc4 cxd4 26. Ne2 Re3 27.
Nxd4 R8xe4 28. Rxe3 Rxe3 29. cxb5 Bxa3 30. bxa6+ Kxa6 31. Ne6 Re5 32. Nxg7 g4
33. Rd4 Bf8 34. Rxg4 Bxg7 35. Rxg7 Rxf5 36. Rxc7 Kb6 37. Rh7 Rf3 38. Kb2 Kb5
39. c3 Rf5 40. Kb3 Kc5 41. Rc7+ Kb6 42. Rh7 Kc5 43. Rh8 Rg5 44. Rc8+ Kb6 45.
Kb4 Rg4+ 46. Kb3 Rg5 47. Rb8+ Kc6 48. Rd8 Kb6 49. Kc4 Kc6 50. Rd4 Rc5+ 51. Kb4
Rb5+ 52. Ka4 Rc5 53. c4 Rh5 54. Rd8 Rh1 55. Rc8+ Kb6 56. c5+ Kb7 57. Rg8 Kc6
58. Kb4 Rh4+ 59. Kb3 Kxc5 1/2-1/2

[Event "76. LJUBLJANSKA SAHOVSKA LIGA 2024"]
[Site "gostovanja"]
[Date "2024.02.15"]
[Round "3.4"]
[White "Hlebec, Jure"]
[Black "Vodnik, Val"]
[Result "0-1"]
[WhiteElo "1116"]
[BlackElo "1661"]
[PlyCount "48"]
[EventDate "2024.01.18"]
[WhiteTeam "SD KOCEVJE"]
[BlackTeam "SD VRHNIKA"]

1. e4 e5 2. Nf3 Nc6 3. Bc4 Bc5 4. d3 Nf6 5. Nc3 d6 6. h3 a6 7. Bg5 Na5 8. Bb3
Nxb3 9. axb3 Be6 10. d4 exd4 11. Nxd4 h6 12. Bh4 Qd7 13. f4 d5 14. Nxe6 Qxe6
15. Bxf6 Qxf6 16. Qxd5 Qh4+ 17. Kd1 Rd8 18. Qxd8+ Qxd8+ 19. Ke2 O-O 20. Rhd1
Qh4 21. Rf1 Qg3 22. Rae1 Rd8 23. Nd5 c6 24. Kd1 cxd5 0-1

[Event "76. LJUBLJANSKA SAHOVSKA LIGA 2024"]
[Site "gostovanja"]
[Date "2024.02.15"]
[Round "3.5"]
[White "Kampus, Andrej"]
[Black "Skok, Boris"]
[Result "1/2-1/2"]
[WhiteElo "1771"]
[BlackElo "1925"]
[PlyCount "36"]
[EventDate "2024.01.18"]
[WhiteTeam "SK DOL PRI LJUBLJANI"]
[BlackTeam "SD CRNI GRABEN"]

1. e4 c6 2. Nc3 d5 3. Nf3 Bg4 4. h3 Bxf3 5. Qxf3 e6 6. d3 Ne7 7. Bd2 Nd7 8. g4
Ng6 9. Qg3 Be7 10. O-O-O d4 11. Ne2 e5 12. f4 exf4 13. Nxf4 Bd6 14. Qf2 Nxf4
15. Bxf4 Qf6 16. Bg3 Bxg3 17. Qxg3 Qe5 18. Qf2 f6 1/2-1/2

[Event "76. LJUBLJANSKA SAHOVSKA LIGA 2024"]
[Site "gostovanja"]
[Date "2024.02.15"]
[Round "3.5"]
[White "Hribar, Janez"]
[Black "Azinovic, Igor"]
[Result "1-0"]
[WhiteElo "1868"]
[BlackElo "1644"]
[PlyCount "63"]
[EventDate "2024.01.18"]
[WhiteTeam "SD CRNI GRABEN"]
[BlackTeam "SK DOL PRI LJUBLJANI"]

1. d4 d5 2. c4 c6 3. Nc3 Nf6 4. e3 g6 5. Bd3 Bg7 6. f4 O-O 7. Nf3 Bg4 8. h3
Bxf3 9. Qxf3 e6 10. g4 Nbd7 11. b3 c5 12. g5 Nh5 13. Ne2 dxc4 14. bxc4 cxd4 15.
exd4 Nb6 16. Be3 Qc7 17. Rc1 f6 18. h4 Rae8 19. O-O fxg5 20. hxg5 Nc8 21. d5
exd5 22. cxd5 Qe7 23. Bc5 Nd6 24. f5 Qxg5+ 25. Qg2 Qxg2+ 26. Kxg2 Nxf5 27. Bxf8
Ne3+ 28. Kg1 Nxf1 29. Bxg7 Nxg7 30. Kxf1 Kf7 31. Rc7+ Re7 32. d6 1-0

[Event "76. LJUBLJANSKA SAHOVSKA LIGA 2024"]
[Site "gostovanja"]
[Date "2024.02.15"]
[Round "3.5"]
[White "Kosem, Rok"]
[Black "Vidergar, Milan"]
[Result "1-0"]
[WhiteElo "1602"]
[BlackElo "1489"]
[PlyCount "69"]
[EventDate "2024.01.18"]
[WhiteTeam "SK DOL PRI LJUBLJANI"]
[BlackTeam "SD CRNI GRABEN"]

1. c4 Nf6 2. Nc3 g6 3. g3 Bg7 4. Bg2 d6 5. Nf3 O-O 6. d3 c6 7. O-O h6 8. Rb1
Nh7 9. e4 Nd7 10. Be3 Ndf6 11. h3 g5 12. Nh2 Bd7 13. Qd2 Qc8 14. g4 h5 15. f3
hxg4 16. fxg4 Bh6 17. Nf3 Kh8 18. Nxg5 Bxg5 19. Bxg5 Rg8 20. Bxf6+ exf6 21. Rf2
Rg6 22. Rbf1 Qf8 23. d4 Qg7 24. e5 f5 25. gxf5 Rg3 26. Rf3 Rg8 27. R1f2 Rxf3
28. Rxf3 Ng5 29. Rg3 Qh6 30. Qe3 Bxf5 31. Kh2 Qh4 32. exd6 Kh7 33. Ne4 Nxh3 34.
Bxh3 Re8 35. Ng5+ 1-0

[Event "76. LJUBLJANSKA SAHOVSKA LIGA 2024"]
[Site "gostovanja"]
[Date "2024.02.15"]
[Round "3.5"]
[White "Erazem, Franc"]
[Black "Mavrel, Franc"]
[Result "1-0"]
[WhiteElo "1479"]
[BlackElo "1441"]
[PlyCount "53"]
[EventDate "2024.01.18"]
[WhiteTeam "SD CRNI GRABEN"]
[BlackTeam "SK DOL PRI LJUBLJANI"]

1. e4 e5 2. Bc4 Bc5 3. Nc3 Nf6 4. d3 d6 5. Bg5 h6 6. Bxf6 Qxf6 7. Qf3 Qxf3 8.
Nxf3 Bg4 9. Nh4 Bd4 10. f3 Bxc3+ 11. bxc3 Bd7 12. O-O b5 13. Bb3 Na6 14. Nf5
Bxf5 15. exf5 c6 16. f4 Nc5 17. fxe5 Nxb3 18. axb3 dxe5 19. Ra6 Kd7 20. Rfa1
Kd6 21. Rxa7 Rxa7 22. Rxa7 Rf8 23. Kf2 g6 24. g4 g5 25. Kf3 c5 26. Ra6+ Kd5 27.
c4+ 1-0

[Event "76. LJUBLJANSKA SAHOVSKA LIGA 2024"]
[Site "gostovanja"]
[Date "2024.02.15"]
[Round "3.6"]
[White "Jancigaj, Saso Valentin"]
[Black "Benko, Bostjan"]
[Result "0-1"]
[WhiteElo "1613"]
[BlackElo "1835"]
[PlyCount "68"]
[EventDate "2024.01.18"]
[WhiteTeam "SK VISNJA GORA - STICNA"]
[BlackTeam "SK ZAGORJE OB SAVI"]

1. f4 d6 2. Nf3 Nf6 3. e3 Bg4 4. Be2 Nbd7 5. b3 e5 6. fxe5 dxe5 7. Bb2 Bd6 8.
d3 Qe7 9. Nbd2 c6 10. Ng5 Bxe2 11. Qxe2 O-O 12. O-O h6 13. Nge4 Bc7 14. a4 Nxe4
15. Nxe4 f5 16. Nd2 g6 17. d4 Kh7 18. Nc4 Rae8 19. Qd2 Rd8 20. Qe1 b5 21. Nxe5
Nxe5 22. dxe5 Bxe5 23. Bxe5 Qxe5 24. Rf3 Rfe8 25. Rd1 Qc5 26. Rxd8 Rxd8 27. Qc1
Rd3 28. g4 fxg4 29. Rf7+ Kg8 30. Rxa7 Rxe3 31. Ra8+ Re8+ 32. Kg2 Rxa8 33. Qxh6
Qd5+ 34. Kg1 Qf5 0-1

[Event "76. LJUBLJANSKA SAHOVSKA LIGA 2024"]
[Site "gostovanja"]
[Date "2024.02.15"]
[Round "3.6"]
[White "Medvesek, Janez"]
[Black "Kocmur, Boris"]
[Result "1-0"]
[WhiteElo "1893"]
[BlackElo "1626"]
[PlyCount "139"]
[EventDate "2024.01.18"]
[WhiteTeam "SK ZAGORJE OB SAVI"]
[BlackTeam "SK VISNJA GORA - STICNA"]

1. d4 d5 2. c4 Nf6 3. cxd5 Qxd5 4. Nc3 Qa5 5. Bd2 Qb6 6. Bc1 e6 7. e4 c5 8. d5
exd5 9. e5 d4 10. Na4 Qe6 11. Nf3 Ng4 12. Bf4 Qf5 13. Bb5+ Bd7 14. Bxd7+ Nxd7
15. Bg3 Qe4+ 16. Kf1 b5 17. Nh4 Be7 18. f3 Ne3+ 19. Ke2 Qd5 20. Nc3 dxc3 21.
Kxe3 Bg5+ 22. f4 Qd4+ 23. Qxd4 cxd4+ 24. Kxd4 cxb2 25. Rab1 Be7 26. Rxb2 b4 27.
Nf5 Bc5+ 28. Kd5 O-O 29. Rc1 a5 30. Rxc5 Nxc5 31. Kxc5 Rac8+ 32. Kb5 Rc7 33.
Nd6 Rb8+ 34. Ka4 Rb6 35. Bf2 Rbc6 36. Bd4 Rc2 37. Kb3 a4+ 38. Kxa4 Rxb2 39.
Bxb2 Rc2 40. Kb3 Rxg2 41. h4 Rh2 42. Bc1 Rxh4 43. Kxb4 g5 44. Nf5 Rh1 45. Be3
g4 46. a4 h5 47. a5 Kh7 48. Bd4 Rb1+ 49. Kc4 Rc1+ 50. Kd3 Rc6 51. Ke3 Rc4 52.
a6 Ra4 53. a7 Kg6 54. Nh4+ Kh6 55. Kf2 Ra3 56. Be3 Ra2+ 57. Kg3 Ra3 58. Kf2 Kg7
59. f5 Ra4 60. Kg3 Kh7 61. Ng2 Kg7 62. Kh4 Ra5 63. Kxh5 f6 64. e6 Rxf5+ 65.
Kxg4 Ra5 66. Nf4 Kf8 67. Nd5 Kg7 68. Nc7 f5+ 69. Kf4 Ra4+ 70. Kxf5 1-0

[Event "76. LJUBLJANSKA SAHOVSKA LIGA 2024"]
[Site "gostovanja"]
[Date "2024.02.15"]
[Round "3.7"]
[White "Ribicic, Marko"]
[Black "Lanjscek, Miha"]
[Result "0-1"]
[WhiteElo "1716"]
[BlackElo "1745"]
[PlyCount "86"]
[EventDate "2024.01.18"]
[WhiteTeam "ZELENCI LPP"]
[BlackTeam "SK TRZIN"]

1. d4 Nf6 2. c4 e6 3. Nf3 a5 4. Nc3 Bb4 5. Bg5 h6 6. Bxf6 Bxc3+ 7. bxc3 Qxf6 8.
e4 d6 9. a4 O-O 10. Bd3 Nd7 11. O-O e5 12. Bc2 b6 13. h3 Ba6 14. Qd3 Qe6 15. d5
Qe7 16. Nd2 Nc5 17. Qg3 Rae8 18. f4 exf4 19. Qxf4 Nd7 20. Rfe1 Ne5 21. Qf1 Qg5
22. Rad1 Qg3 23. Bb3 Nd3 24. Re2 Nf4 25. Nf3 Nxe2+ 26. Qxe2 f5 27. e5 dxe5 28.
d6 cxd6 29. c5+ Kh8 30. Qxa6 e4 31. Nd4 dxc5 32. Ne6 Rf7 33. Qb5 Rfe7 34. Qxb6
Qxc3 35. Rd6 c4 36. Nd4 Qc1+ 37. Bd1 Qxd1+ 38. Kh2 Qh5 39. Rd5 Re5 40. Qxa5
Rxd5 41. Qxd5 e3 42. g4 Qh4 43. Qf3 Qf2+ 0-1

[Event "76. LJUBLJANSKA SAHOVSKA LIGA 2024"]
[Site "gostovanja"]
[Date "2024.02.15"]
[Round "3.7"]
[White "Konvalinka, Kostja"]
[Black "Novakovic, Gosto"]
[Result "1-0"]
[WhiteElo "1682"]
[BlackElo "1706"]
[PlyCount "167"]
[EventDate "2024.01.18"]
[WhiteTeam "SK TRZIN"]
[BlackTeam "ZELENCI LPP"]

1. e4 e5 2. Nf3 Nc6 3. Bc4 Bc5 4. c3 Nf6 5. d4 exd4 6. cxd4 Bb4+ 7. Nc3 Nxe4 8.
O-O Nxc3 9. bxc3 Be7 10. d5 Na5 11. d6 cxd6 12. Bd3 O-O 13. Re1 Bf6 14. Bd2 Nc6
15. Qe2 Ne5 16. Nxe5 dxe5 17. Qe4 g6 18. Bh6 d5 19. Qb4 Re8 20. Rad1 Qe7 21.
Qb5 Be6 22. Rb1 b6 23. c4 dxc4 24. Bxc4 Bxc4 25. Qxc4 Bg5 26. Bxg5 Qxg5 27. h4
Qf4 28. Re4 Qf5 29. Rbe1 Kh8 30. g4 Qf6 31. g5 Qf5 32. Qe2 Re6 33. Rxe5 Rxe5
34. Qxe5+ Qxe5 35. Rxe5 Kg7 36. Re7 Kf8 37. Rb7 Kg7 38. Kg2 a5 39. Rxb6 Ra7 40.
a4 h5 41. Rb3 Kf8 42. Kf3 Kg7 43. Kf4 f6 44. gxf6+ Kxf6 45. Rb6+ Kf7 46. Kg5
Rd7 47. Rf6+ Ke7 48. Ra6 Rd4 49. Rxa5 Rg4+ 50. Kh6 Rxh4 51. Kxg6 Rf4 52. Rf5
Rxa4 53. Kxh5 Ra8 54. Kg5 Ke6 55. Rf6+ Ke7 56. Kg6 Rg8+ 57. Kf5 Ra8 58. Re6+
Kd7 59. f4 Rf8+ 60. Rf6 Rg8 61. Rf7+ Ke8 62. Kf6 Rh8 63. Ra7 Rh6+ 64. Kg7 Rh5
65. Kg6 Rh2 66. f5 Kf8 67. Ra8+ Ke7 68. f6+ Ke6 69. Re8+ Kd7 70. Re7+ Kd8 71.
Kf7 Rh7+ 72. Kf8 Rh8+ 73. Kg7 Rh3 74. Re4 Rg3+ 75. Kf8 Rg2 76. Rd4+ Kc7 77. Kf7
Rg3 78. Ke6 Re3+ 79. Kf5 Rf3+ 80. Rf4 Rxf4+ 81. Kxf4 Kd7 82. Kg5 Ke8 83. Kg6
Kf8 84. f7 1-0

[Event "76. LJUBLJANSKA SAHOVSKA LIGA 2024"]
[Site "gostovanja"]
[Date "2024.02.15"]
[Round "3.7"]
[White "Lazarevic, Djordje"]
[Black "Markic, Vladimir"]
[Result "1/2-1/2"]
[WhiteElo "1719"]
[BlackElo "1594"]
[PlyCount "49"]
[EventDate "2024.01.18"]
[WhiteTeam "ZELENCI LPP"]
[BlackTeam "SK TRZIN"]

1. e4 d5 2. Nc3 dxe4 3. Nxe4 Bf5 4. Ng3 Bg6 5. f4 e6 6. d4 Nf6 7. Nf3 Bd6 8. c3
Nbd7 9. Bd3 Bxd3 10. Qxd3 O-O 11. O-O c6 12. Ne4 Nxe4 13. Qxe4 Nf6 14. Qc2 Qb6
15. Kh1 c5 16. dxc5 Bxc5 17. h3 Be3 18. Ne5 Bxc1 19. Raxc1 Rad8 20. Rcd1 Qe3
21. Rf3 Qb6 22. Rfd3 Rxd3 23. Rxd3 Rd8 24. Rxd8+ Qxd8 25. Qe2 1/2-1/2

[Event "76. LJUBLJANSKA SAHOVSKA LIGA 2024"]
[Site "gostovanja"]
[Date "2024.02.15"]
[Round "3.7"]
[White "Banko, Franci"]
[Black "Becic, Semso"]
[Result "0-1"]
[WhiteElo "1396"]
[BlackElo "1595"]
[PlyCount "76"]
[EventDate "2024.01.18"]
[WhiteTeam "SK TRZIN"]
[BlackTeam "ZELENCI LPP"]

1. e4 e5 2. Nf3 Nc6 3. Bb5 Bd6 4. O-O Nge7 5. d4 O-O 6. dxe5 Bxe5 7. Nxe5 Nxe5
8. f4 N5g6 9. b3 c6 10. Bd3 d5 11. e5 Nf5 12. Nd2 Ne3 13. Qh5 Nxf1 14. Kxf1 h6
15. Nf3 Qe7 16. Bxg6 fxg6 17. Qxg6 Bf5 18. Qg3 Bxc2 19. Bb2 Be4 20. Kg1 Bxf3
21. Qxf3 Qe6 22. g4 c5 23. f5 Qc6 24. Qc3 d4 25. Qd3 Qd5 26. e6 Qe5 27. Rf1 g6
28. Bc1 g5 29. h4 Qf6 30. hxg5 hxg5 31. Qc4 Kg7 32. Qxc5 Rac8 33. Qa3 Qe5 34.
Qb2 Kf6 35. Qf2 Rc3 36. Re1 Qd5 37. e7 Rh8 38. Bxg5+ Kxg5 0-1

[Event "76. LJUBLJANSKA SAHOVSKA LIGA 2024"]
[Site "gostovanja"]
[Date "2024.02.15"]
[Round "3.8"]
[White "Babarovic, Fran"]
[Black "Porenta, Matija"]
[Result "0-1"]
[WhiteElo "1644"]
[BlackElo "1775"]
[PlyCount "110"]
[EventDate "2024.01.18"]
[WhiteTeam "SK KOMENDA POGI"]
[BlackTeam "SK MEDVODE"]

1. e4 c5 2. Nf3 d6 3. d4 cxd4 4. Nxd4 Nf6 5. Nc3 a6 6. Be2 e6 7. Be3 Be7 8. O-O
Qc7 9. Re1 Bd7 10. f3 Nc6 11. a4 Nxd4 12. Bxd4 O-O 13. Bf1 Bc6 14. a5 Nd7 15.
f4 Bf6 16. Bxf6 Nxf6 17. e5 dxe5 18. fxe5 Nd7 19. Qh5 g6 20. Qg5 Kg7 21. Ne4
Bxe4 22. Rxe4 h6 23. Qd2 Nxe5 24. Qd4 f6 25. Bc4 Rad8 26. Qc3 Rd6 27. Qg3 Qc5+
28. Kh1 Rfd8 29. Bb3 Rd1+ 30. Re1 Rxe1+ 31. Qxe1 Rd6 32. Qg1 Qxg1+ 33. Kxg1 Kf7
34. Kf1 Ke7 35. Ke2 Nc6 36. c3 Ne5 37. Rd1 Rc6 38. Rd4 Rc5 39. Rb4 Rc7 40. Rb6
Nc6 41. Ba4 Nxa5 42. Kd3 Nc4 43. Rb4 Nd6 44. Bb3 b5 45. Rg4 g5 46. Rg3 Nf5 47.
Rf3 Rd7+ 48. Ke2 h5 49. h3 h4 50. c4 Nd4+ 51. Kf2 Nxf3 52. gxf3 bxc4 53. Bxc4
a5 54. Ke3 f5 55. b3 Kf6 0-1